|
|
|
|
| LEADER |
00000nas a22000007a 4500 |
| 001 |
ssj0003179 |
| 003 |
WaSeSS |
| 005 |
20200512172242.0 |
| 006 |
m d |
| 007 |
cr n |
| 008 |
990811c19869999maumr pss 0 a0eng c |
| 010 |
|
|
|a 2008213650
|
| 022 |
|
|
|a 1937-7622
|l 0888-3068
|y 0888-3068
|
| 035 |
|
|
|a (WaSeSS)ssj0003179
|
| 037 |
|
|
|b HCPro, Inc., 200 Hoods Lane, Marblehead, MA 01945
|
| 040 |
|
|
|a AAA
|b eng
|c AAA
|d OCL
|d OCLCQ
|d BNG
|d OCLCQ
|d NSD
|d FQM
|d OCLCQ
|d OCLCO
|d IUL
|d COO
|d OCLCQ
|d OCLCF
|d OCLCQ
|d Z5A
|d OCLCO
|d OCLCA
|d REB
|d OCLCO
|d U3W
|d OCLCO
|d MOW
|d OCLCO
|d AU@
|d OCLCO
|d WYU
|d OCLCO
|d OCLCA
|d VT2
|d OCLCO
|d OCLCA
|d WaSeSS
|
| 042 |
|
|
|a pcc
|a nsdp
|
| 050 |
|
4 |
|a RA971.33
|b .H67
|
| 060 |
|
4 |
|a INTERNET
|
| 082 |
1 |
0 |
|a 610
|2 13
|
| 130 |
0 |
|
|a Hospital material$ management (Online)
|
| 222 |
|
0 |
|a Hospital materials management
|b (Online)
|
| 245 |
1 |
0 |
|a Hospital material$ management
|h [electronic resource].
|
| 246 |
1 |
3 |
|a Hospital materials management
|
| 246 |
1 |
|
|i Issues for <Nov. 1988>- also have initialism title:
|a HMM
|
| 260 |
|
|
|a Ann Arbor, Mich. :
|b Chi Publications
|
| 310 |
|
|
|a Monthly
|
| 362 |
1 |
|
|a Print began with vol. 11, no. 3 (Mar. 1986).
|
| 500 |
|
|
|a Imprint varies: published: Ann Arbor, Mich. : Chi Publications, Mar. 1986-<Oct. 1992>; Englewood, Colo. : Business Word, Inc., <Nov. 1992> ; Marblehead, MA : HCPro, Inc., <Feb. 2008->
|
| 506 |
|
|
|a License restrictions may limit access.
|
| 538 |
|
|
|a Mode of access: World Wide Web.
|
| 588 |
|
|
|a Description based on: July 1991; title from home page.
|
| 588 |
|
|
|a Latest issue consulted: Vol. 33, no. 2 (Feb. 2008) (publisher's Web site viewed on Apr. 14, 2008).
|
| 650 |
|
0 |
|a Hospitals
|x Materials management
|v Periodicals.
|
| 650 |
|
0 |
|a Hospitals
|x Cost control
|v Periodicals.
|
| 650 |
|
7 |
|a Hospitals
|x Cost control.
|2 fast
|0 (OCoLC)fst00961246
|
| 650 |
|
7 |
|a Hospitals
|x Materials management.
|2 fast
|0 (OCoLC)fst00961386
|
| 650 |
1 |
2 |
|a Materials Management, Hospital.
|
| 650 |
1 |
2 |
|a Purchasing, Hospital.
|
| 650 |
2 |
2 |
|a Hospitals.
|
| 655 |
|
0 |
|a Electronic journals.
|
| 776 |
1 |
|
|t Hospital material$ management
|x 0888-3068
|w (DLC)sn 86014610
|w (OCoLC)13544881
|
| 780 |
0 |
0 |
|t Hospital purchasing management
|x 0163-1322
|w (OCoLC)4279977
|
| 856 |
4 |
0 |
|z Full text available from Research Library: 07/01/1991 to 08/31/2009
|u https://search.proquest.com/publication/30571
|